000 00578nam a2200205Ia 4500
008 230125s9999 xx 000 0 und d
020 _a81-7881-214-2
041 _aeng
082 _a658.5
_bICF
100 _aICFAI
245 _aWorld class manufacturing : concepts and cases Vol - I
260 _c2003
_bICFAI publication
_aHyderabad
300 _a166p
440 _aICFAI
500 _aManufacturing management;ICFAI Case Studies;World Class Manufacturing
650 _aProduction Management
_9110605
700 _aICFAI
906 _b112
999 _c91298
_d91298